书目信息 |
| 题名: |
经济增长的代价
|
|
| 作者: | 米香 著 ;任保平 , 梁炜 译 | |
| 分册: | ||
| 出版信息: | 北京 机械工业出版社 2011 |
|
| 页数: | 19,196页 | |
| 开本: | 25cm | |
| 丛书名: | ||
| 单 册: | ||
| 中图分类: | F061.2 | |
| 科图分类: | ||
| 主题词: | 经济增长--研究 , 经济增长 | |
| 电子资源: | ||
| ISBN: | 978-7-111-35220-4 | |
| 000 | 01079nam0 2200301 450 | |
| 001 | 523 | |
| 005 | 20140908150825.73 | |
| 010 | @a978-7-111-35220-4@dCNY36.00 | |
| 100 | @a20111117d2011 em y0chiy50 ea | |
| 101 | 1 | @achi@ceng |
| 102 | @aCN@b110000 | |
| 105 | @ay z 000yy | |
| 106 | @ar | |
| 200 | 1 | @a经济增长的代价@AJing Ji Zeng Chang De Dai Jia@dThe costs of economic growth@f(英)E. J. 米香著@F( Ying )E. J. Mi Xiang Zhu@g任保平, 梁炜等译@zeng |
| 210 | @a北京@c机械工业出版社@d2011 | |
| 215 | @a19,196页@d25cm | |
| 300 | @a华章经典·经济 | |
| 305 | @a本书由Weidenfeld & Nicholson授权出版 据原书最新修订版译出 | |
| 330 | @a本书作者提出了促进福利增长的重要建议,内容分为经济增长带来的经济后果、经济增长带来的社会后果两部分。 | |
| 510 | 1 | @aCosts of economic growth@zeng |
| 606 | 0 | @a经济增长@x研究 |
| 606 | 0 | @a经济增长 |
| 690 | @aF061.2@v5 | |
| 701 | 0 | @c(英)@a米香@AMi Xiang@c(Mishan, E.J.)@4著 |
| 702 | 0 | @a任保平@ARen Bao Ping@f(1968~)@4译 |
| 702 | 0 | @a梁炜@ALiang Wei@4译 |
| 801 | 0 | @aCN@bTANGWEI@c20140603 |
| 905 | @b0840668-70@dF061.2@e112@f3 | |
| 经济增长的代价=The costs of economic growth/(英)E. J. 米香著/任保平, 梁炜等译.-北京:机械工业出版社,2011 |
| 19,196页;25cm |
| 华章经典·经济 |
| ISBN 978-7-111-35220-4:CNY36.00 |
| 本书作者提出了促进福利增长的重要建议,内容分为经济增长带来的经济后果、经济增长带来的社会后果两部分。 |
| ● |
| 相关链接 |
|
|
|
|
正题名:经济增长的代价
索取号:F061.2/112
 
预约/预借
| 序号 | 登录号 | 条形码 | 馆藏地/架位号 | 状态 | 备注 |
| 1 | 0840668 | 208406688 | 第一样本阅览室/ [索取号:F061.2/112] | 在馆 | |
| 2 | 0840669 | 208406697 | 密集书库-海洋学院/ [索取号:F061.2/112] | 在馆 | |
| 3 | 0840670 | 208406704 | 第一借阅区/ [索取号:F061.2/112] | 在馆 |